| 000 | 00617cam4a220020500 4500 | ||
|---|---|---|---|
| 001 | tmp15770847 | ||
| 003 | UPRA | ||
| 005 | 20190830121310.0 | ||
| 008 | 951025q19601969bs f eng u | ||
| 035 | _a(Sirsi) r72375 | ||
| 035 | _a(UPRA)tmp15770847 | ||
| 040 | _cUPRA | ||
| 100 | 1 |
_cSir, d8.1..17.5 _6A33331.1 |
|
| 245 | 1 | 0 | _aSpeech to open the first session of the Second Parliament. |
| 260 |
_aGaborone : _bGovt. Printer, _c[196-] |
||
| 949 |
_a(O2) 1966/7 _wlcc _mMAIN _tBOOK _lON-SHELF |
||
| 949 |
_a(O2) 1966/7 _wlcc _mMAIN _tBOOK _lON-SHELF |
||
| 949 |
_a(O2) 1966/7 _wlcc _mMAIN _tBOOK _lON-SHELF |
||
| 004 | 72375 | ||
| 999 |
_c197173 _d197172 |
||